Emisia dlhopisov NBS nebola nijaký hazard

Vysvetlenie júlového (1994) úspechu emisie dlhopisov NBS na japonskom trhu Samuraj a širšie súvislosti vstupu Slovenska na medzinárodné kapitálové trhy reprezentantom The Nomura Securities Co., Ltd. Prague Representative Office. - Reakcia na negatívne hodnotenie emisie agentúrou Bloomberg Business N...

Full description

Saved in:
Bibliographic Details
Main Author: Sidó, F.
Format: Book Chapter
Language:Slovak
Subjects:
Tags: Add Tag
No Tags, Be the first to tag this record!

MARC

LEADER 00000naa a2200000 4500
001 r015939
005 20221213114429.4
041 0 |a slo 
044 |a SK 
245 1 0 |a Emisia dlhopisov NBS nebola nijaký hazard  |c F. Sidó 
520 |a Vysvetlenie júlového (1994) úspechu emisie dlhopisov NBS na japonskom trhu Samuraj a širšie súvislosti vstupu Slovenska na medzinárodné kapitálové trhy reprezentantom The Nomura Securities Co., Ltd. Prague Representative Office. - Reakcia na negatívne hodnotenie emisie agentúrou Bloomberg Business News (Trend-Fakt 1994, č.30.). 
610 2 0 |a dlhopisy 
610 2 0 |a NBS Bratislava 
610 2 0 |a banky emisné 
610 2 0 |a Slovensko 
610 2 0 |a emisia 
610 2 0 |a Samuraj 
610 2 0 |a trh kapitálový medzinárodný 
610 2 0 |a Nomura Securities Co., Ltd. Prague Representative Office 
610 2 0 |a Japonsko 
100 1 |a Sidó, F.